[Event "3. Open Stadium Casablanca 2009"]
[Site "Zaragoza ESP"]
[Date "2009.12.27"]
[Round "3.7"]
[White "Glavina, Pablo"]
[Black "Chueca Forcen, Alberto"]
[Result "1/2-1/2"]
[WhiteElo "2461"]
[BlackElo "2280"]
[PlyCount "58"]
[EventDate "2009.12.26"]
[EventType "swiss"]
[EventRounds "9"]
[EventCountry "ESP"]
[Source "lmi"]
[SourceDate "2009.12.26"]

1. e4 e6 2. d4 d5 3. e5 c5 4. c3 Nc6 5. Nf3 Qb6 6. Be2 Nh6 7. Bxh6 gxh6 8. Qd2
Bg7 9. O-O Bd7 10. Na3 O-O 11. Nc2 cxd4 12. cxd4 f6 13. exf6 Rxf6 14. Ne3 Raf8
15. Ne5 Nxe5 16. dxe5 Rf4 17. Ng4 Qd4 18. Qxd4 Rxd4 19. Rad1 Rxd1 20. Rxd1 Rc8
21. Bd3 h5 22. Nf6+ Bxf6 23. exf6 Be8 24. f4 Bg6 25. f5 exf5 26. Re1 Rc7 27.
Re5 Kf7 28. Rxd5 Kxf6 29. Kf2 h4 1/2-1/2

[Event "3. Open Stadium Casablanca 2009"]
[Site "Zaragoza ESP"]
[Date "2009.12.27"]
[Round "3.8"]
[White "Romon Poves, Raul"]
[Black "Garza Marco, Sergio"]
[Result "0-1"]
[WhiteElo "2284"]
[BlackElo "2452"]
[PlyCount "54"]
[EventDate "2009.12.26"]
[EventType "swiss"]
[EventRounds "9"]
[EventCountry "ESP"]
[Source "lmi"]
[SourceDate "2009.12.26"]

1. d4 d5 2. c4 c6 3. Nf3 Nf6 4. Nc3 dxc4 5. e4 b5 6. e5 Nd5 7. a4 e6 8. axb5
Nxc3 9. bxc3 cxb5 10. Ng5 Bb7 11. Qh5 Qd7 12. Be2 g6 13. Qg4 a5 14. O-O h6 15.
Ne4 Be7 16. Be3 Bd5 17. Qf4 Qc6 18. Nf6+ Bxf6 19. Qxf6 Rh7 20. f3 g5 21. Bxg5
hxg5 22. Qxg5 Nd7 23. h4 b4 24. f4 Qb6 25. f5 bxc3 26. Rf4 Qb2 27. Re1 Qd2 0-1

[Event "3. Open Stadium Casablanca 2009"]
[Site "Zaragoza ESP"]
[Date "2009.12.27"]
[Round "3.9"]
[White "Lana Rodriguez, David"]
[Black "Mogranzini, Roberto"]
[Result "0-1"]
[WhiteElo "2239"]
[BlackElo "2415"]
[PlyCount "38"]
[EventDate "2009.12.26"]
[EventType "swiss"]
[EventRounds "9"]
[EventCountry "ESP"]
[Source "lmi"]
[SourceDate "2009.12.26"]

1. d4 Nf6 2. Nf3 g6 3. Nc3 d5 4. Bf4 Bg7 5. e3 O-O 6. Bd3 c5 7. dxc5 Nbd7 8.
O-O Nxc5 9. h3 Nfe4 10. Bxe4 dxe4 11. Ne5 Be6 12. Qd4 Rc8 13. Rad1 f6 14. Ng4
g5 15. Bg3 h5 16. Nh2 h4 17. Qxd8 Rfxd8 18. Rxd8+ Rxd8 19. Bc7 Rd2 0-1

[Event "3. Open Stadium Casablanca 2009"]
[Site "Zaragoza ESP"]
[Date "2009.12.27"]
[Round "3.10"]
[White "Vega Gutierrez, Belinda"]
[Black "Cruz, Filemon"]
[Result "0-1"]
[WhiteElo "2218"]
[BlackElo "2412"]
[PlyCount "86"]
[EventDate "2009.12.26"]
[EventType "swiss"]
[EventRounds "9"]
[EventCountry "ESP"]
[Source "lmi"]
[SourceDate "2009.12.26"]

1. e4 c5 2. Nf3 d6 3. d4 cxd4 4. Nxd4 Nf6 5. Nc3 a6 6. Be2 e5 7. Nb3 Be7 8. O-O
Be6 9. f4 Qc7 10. g4 exf4 11. g5 Nfd7 12. Bxf4 Nc6 13. Kh1 O-O 14. Nd5 Bxd5 15.
exd5 Nce5 16. Nd4 g6 17. c4 Rfe8 18. Rc1 Bf8 19. Rc3 Bg7 20. b3 b5 21. Rc2 b4
22. Qd2 Qb6 23. Bg3 Nc5 24. Qf4 Ra7 25. Qh4 Rae7 26. Rd2 Ned7 27. Bf3 Ne4 28.
Bxe4 Rxe4 29. Rf4 Nc5 30. Nc6 Qc7 31. Qg4 h5 32. Qf3 Re3 33. Qf1 Ne4 34. Rd1
Nxg3+ 35. hxg3 Rxg3 36. Re1 Be5 37. c5 Rxg5 38. Nxe5 dxe5 39. Rc4 e4 40. Rcxe4
Rxe4 41. Rxe4 Qxc5 42. Re8+ Kg7 43. Qa1+ f6 0-1

[Event "3. Open Stadium Casablanca 2009"]
[Site "Zaragoza ESP"]
[Date "2009.12.28"]
[Round "4.1"]
[White "Cruz, Cristhian"]
[Black "Mogranzini, Roberto"]
[Result "1-0"]
[WhiteElo "2523"]
[BlackElo "2415"]
[PlyCount "75"]
[EventDate "2009.12.26"]
[EventType "swiss"]
[EventRounds "9"]
[EventCountry "ESP"]
[Source "lmi"]
[SourceDate "2009.12.26"]

1. c4 Nf6 2. Nc3 d5 3. cxd5 Nxd5 4. g3 Nxc3 5. bxc3 g6 6. Bg2 Bg7 7. Rb1 Nc6 8.
Nf3 O-O 9. O-O e5 10. Ne1 Qd7 11. Nd3 Re8 12. Nc5 Qf5 13. d3 Nd8 14. Nxb7 Nxb7
15. Bxb7 Bxb7 16. Rxb7 e4 17. Rxc7 Qa5 18. Bf4 Qxa2 19. d4 a5 20. d5 g5 21. Be3
a4 22. c4 a3 23. d6 h6 24. Qd5 Kh8 25. d7 Red8 26. Qxa8 Rxa8 27. Rc8+ Kh7 28.
Rxa8 Bf6 29. d8=Q Bxd8 30. Rxd8 Qxc4 31. Rd2 f5 32. Rb1 Kg6 33. Rd6+ Kh5 34.
Rbb6 Kg4 35. h3+ Kxh3 36. Rxh6+ Kg4 37. Rh4+ gxh4 38. Rg6+ 1-0

[Event "3. Open Stadium Casablanca 2009"]
[Site "Zaragoza ESP"]
[Date "2009.12.28"]
[Round "4.2"]
[White "Cruz, Filemon"]
[Black "Leon Hoyos, Manuel"]
[Result "0-1"]
[WhiteElo "2412"]
[BlackElo "2516"]
[PlyCount "38"]
[EventDate "2009.12.26"]
[EventType "swiss"]
[EventRounds "9"]
[EventCountry "ESP"]
[Source "lmi"]
[SourceDate "2009.12.26"]

1. d4 Nf6 2. c4 c5 3. d5 b5 4. Nf3 e6 5. dxe6 fxe6 6. cxb5 d5 7. e3 Bd6 8. Nc3
Bb7 9. e4 Nbd7 10. Bg5 O-O 11. Bd3 Qc7 12. Qe2 Ne5 13. exd5 exd5 14. O-O-O d4
15. Nxe5 Bxe5 16. Bxf6 gxf6 17. Be4 dxc3 18. Qg4+ Kh8 19. Bxb7 Qxb7 0-1

[Event "3. Open Stadium Casablanca 2009"]
[Site "Zaragoza ESP"]
[Date "2009.12.28"]
[Round "4.3"]
[White "Oms Pallisse, Josep"]
[Black "Calzetta Ruiz, Monica"]
[Result "1-0"]
[WhiteElo "2490"]
[BlackElo "2373"]
[PlyCount "93"]
[EventDate "2009.12.26"]
[EventType "swiss"]
[EventRounds "9"]
[EventCountry "ESP"]
[Source "lmi"]
[SourceDate "2009.12.26"]

1. d4 Nf6 2. c4 c5 3. d5 b5 4. cxb5 a6 5. bxa6 g6 6. Nc3 Bxa6 7. e4 Bxf1 8.
Kxf1 d6 9. Nge2 Bg7 10. h3 O-O 11. Kg1 Qa5 12. Rb1 Nbd7 13. Qc2 Rfb8 14. Kh2
Qa6 15. Rd1 Rb4 16. Kg1 Rab8 17. b3 Ne8 18. Be3 Nc7 19. f4 Nb5 20. Nxb5 R4xb5
21. Kh2 Rb4 22. Bf2 Nf6 23. Ng3 Bh6 24. e5 Nd7 25. exd6 Qxd6 26. Ne2 g5 27. Ng3
Rxf4 28. Kg1 Qg6 29. Rbc1 Bg7 30. Be3 Bd4 31. Bxd4 Qxc2 32. Rxc2 Rxd4 33. Rxd4
cxd4 34. Nf5 d3 35. Rd2 e6 36. dxe6 fxe6 37. Rxd3 Nc5 38. Rc3 Ne4 39. Ne7+ Kf7
40. Re3 Kxe7 41. Rxe4 Kf6 42. Kf2 e5 43. Rc4 h5 44. Kf3 Rd8 45. Rc6+ Kf7 46.
Ke3 h4 47. Rc2 1-0

[Event "3. Open Stadium Casablanca 2009"]
[Site "Zaragoza ESP"]
[Date "2009.12.28"]
[Round "4.4"]
[White "Garza Marco, Sergio"]
[Black "Forcen Esteban, Daniel"]
[Result "1-0"]
[WhiteElo "2452"]
[BlackElo "2327"]
[PlyCount "71"]
[EventDate "2009.12.26"]
[EventType "swiss"]
[EventRounds "9"]
[EventCountry "ESP"]
[Source "lmi"]
[SourceDate "2009.12.26"]

1. d4 Nf6 2. c4 c5 3. d5 e6 4. Nc3 exd5 5. cxd5 d6 6. e4 g6 7. f4 Bg7 8. Bb5+
Nbd7 9. e5 dxe5 10. fxe5 Nh5 11. e6 Qh4+ 12. g3 Nxg3 13. hxg3 Qxh1 14. Be3 a6
15. exd7+ Bxd7 16. Bxd7+ Kxd7 17. Qg4+ f5 18. Qa4+ Kc8 19. O-O-O Bxc3 20. bxc3
Rd8 21. Bxc5 Qe4 22. Qxe4 fxe4 23. Be7 Re8 24. d6 Kd7 25. Rd4 Rac8 26. Ne2 Rc6
27. Kd2 b5 28. Ke3 Rc4 29. Kxe4 Rec8 30. Rxc4 Rxc4+ 31. Kd5 Rc6 32. Nd4 Rxc3
33. Nb3 Rd3+ 34. Ke4 Rd1 35. Nc5+ Kc6 36. Nxa6 1-0

[Event "3. Open Stadium Casablanca 2009"]
[Site "Zaragoza ESP"]
[Date "2009.12.28"]
[Round "4.5"]
[White "Lopez Gracia, Fernando"]
[Black "Matamoros Franco, Carlos S"]
[Result "1/2-1/2"]
[WhiteElo "2315"]
[BlackElo "2541"]
[PlyCount "53"]
[EventDate "2009.12.26"]
[EventType "swiss"]
[EventRounds "9"]
[EventCountry "ESP"]
[Source "lmi"]
[SourceDate "2009.12.26"]

1. e4 e5 2. Nf3 Nc6 3. d4 exd4 4. Nxd4 g6 5. Nc3 Bg7 6. Be3 Nf6 7. Nxc6 bxc6 8.
e5 Ng8 9. Bf4 Qe7 10. Qf3 Bxe5 11. O-O-O Bxf4+ 12. Qxf4 Nf6 13. Qxc7 O-O 14.
Bc4 Re8 15. Bb3 Kg7 16. h4 h5 17. f3 Qe5 18. Qxe5 Rxe5 19. Rhe1 Rxe1 20. Rxe1
d5 21. Na4 Kf8 22. Nc5 Nd7 23. Nd3 a5 24. Ba4 Bb7 25. Kd2 Re8 26. Rxe8+ Kxe8
27. a3 1/2-1/2

[Event "3. Open Stadium Casablanca 2009"]
[Site "Zaragoza ESP"]
[Date "2009.12.28"]
[Round "4.6"]
[White "Fierro Baquero, Martha L"]
[Black "Adla, Diego"]
[Result "0-1"]
[WhiteElo "2354"]
[BlackElo "2498"]
[PlyCount "96"]
[EventDate "2009.12.26"]
[EventType "swiss"]
[EventRounds "9"]
[EventCountry "ESP"]
[Source "lmi"]
[SourceDate "2009.12.26"]

1. e4 c5 2. Nf3 e6 3. d4 cxd4 4. Nxd4 Nc6 5. Nc3 Qc7 6. g3 a6 7. Bg2 Nf6 8. O-O
d6 9. Re1 Nd7 10. Nxc6 bxc6 11. Na4 Bb7 12. c4 c5 13. Bf4 Be7 14. Qd2 Rd8 15.
Rad1 Ne5 16. b3 O-O 17. Qe2 Bf6 18. Rd2 Bc6 19. Red1 Bxa4 20. bxa4 Rd7 21. Bxe5
Bxe5 22. Rb1 Qc6 23. Qd1 Rb7 24. Rxb7 Qxb7 25. Rd3 Qb4 26. Bf1 Bd4 27. Rf3 g6
28. Kg2 Kg7 29. Qb3 Rb8 30. a5 f5 31. exf5 gxf5 32. h4 Qb7 33. Qxb7+ Rxb7 34.
Rb3 Rxb3 35. axb3 Bc3 36. Be2 Bxa5 37. Bf3 Bc3 38. Bb7 a5 39. f4 Be1 40. Kf3 h5
41. Bc6 Kf6 42. Bb7 Ke7 43. Bc8 d5 44. cxd5 c4 45. Ba6 cxb3 46. Bd3 exd5 47.
Ke2 Bxg3 48. Kd2 Kf6 0-1

[Event "3. Open Stadium Casablanca 2009"]
[Site "Zaragoza ESP"]
[Date "2009.12.28"]
[Round "4.7"]
[White "Gomez Anadon, Daniel"]
[Black "Glavina, Pablo"]
[Result "1/2-1/2"]
[WhiteElo "2245"]
[BlackElo "2461"]
[PlyCount "32"]
[EventDate "2009.12.26"]
[EventType "swiss"]
[EventRounds "9"]
[EventCountry "ESP"]
[Source "lmi"]
[SourceDate "2009.12.26"]

1. e4 e5 2. Nf3 Nc6 3. Bb5 a6 4. Ba4 Nf6 5. O-O Bc5 6. c3 b5 7. Bb3 d6 8. a4
Bg4 9. h3 Bxf3 10. Qxf3 O-O 11. a5 Rb8 12. d3 Nd7 13. Nd2 Ne7 14. Qe2 Ba7 15.
Nf3 Nc5 16. Bc2 Ne6 1/2-1/2

[Event "3. Open Stadium Casablanca 2009"]
[Site "Zaragoza ESP"]
[Date "2009.12.28"]
[Round "4.8"]
[White "Chueca Forcen, Alberto"]
[Black "Matnadze, Ana"]
[Result "0-1"]
[WhiteElo "2280"]
[BlackElo "2401"]
[PlyCount "44"]
[EventDate "2009.12.26"]
[EventType "swiss"]
[EventRounds "9"]
[EventCountry "ESP"]
[Source "lmi"]
[SourceDate "2009.12.26"]

1. d4 Nf6 2. c4 e6 3. Nc3 Bb4 4. e3 Nc6 5. Bd3 e5 6. Nge2 d5 7. cxd5 Nxd5 8. e4
Nb6 9. d5 Ne7 10. O-O c6 11. a3 Bxc3 12. Nxc3 cxd5 13. Nxd5 Nbxd5 14. exd5 Qxd5
15. Qc2 Bd7 16. Be4 Qe6 17. Bxb7 Rb8 18. Qc7 O-O 19. Be4 Bc6 20. Bxc6 Nxc6 21.
Rd1 Rfc8 22. Qd6 Rd8 0-1

[Event "3. Open Stadium Casablanca 2009"]
[Site "Zaragoza ESP"]
[Date "2009.12.28"]
[Round "4.9"]
[White "Antoli Royo, Joaquin Miguel"]
[Black "Donoso Sanchez, Alejandro"]
[Result "1/2-1/2"]
[WhiteElo "2390"]
[BlackElo "2137"]
[PlyCount "195"]
[EventDate "2009.12.26"]
[EventType "swiss"]
[EventRounds "9"]
[EventCountry "ESP"]
[Source "lmi"]
[SourceDate "2009.12.26"]

1. e4 c5 2. Nf3 e6 3. d4 cxd4 4. Nxd4 a6 5. Nc3 Qc7 6. f4 b5 7. Bd3 Bb7 8. Qf3
Nf6 9. Be3 Bb4 10. O-O h5 11. h3 g6 12. a4 Bxc3 13. bxc3 bxa4 14. Rxa4 d5 15.
e5 Ne4 16. Bxe4 dxe4 17. Qf2 Nd7 18. Nb3 Rc8 19. Na5 Bd5 20. c4 Ba8 21. Nb3 O-O
22. Rd1 Qc6 23. Ra5 Rfd8 24. c5 Nb8 25. Rd6 Qc7 26. Ra3 Bb7 27. Qh4 Nc6 28. g4
Qe7 29. Qe1 Kh7 30. Bf2 Qf8 31. Nd2 Nb4 32. Qb1 a5 33. Rxa5 Nc6 34. Rb5 Ba8 35.
Nxe4 hxg4 36. hxg4 Qh6 37. Ng5+ Kg8 38. Rb7 Rb8 39. Nxf7 Qh3 40. Qb3 Qxg4+ 41.
Qg3 Qxg3+ 42. Bxg3 Bxb7 43. Nxd8 Nxd8 44. Bh4 Nc6 45. Rxe6 Kg7 46. Rd6 Ba8 47.
Bf6+ Kf7 48. Bg5 Re8 49. Kf2 Nxe5 50. fxe5 Rxe5 51. Be3 Re6 52. Rd7+ Ke8 53.
Ra7 Be4 54. c3 Rf6+ 55. Ke2 Rc6 56. Kd2 Kd8 57. Bd4 Rc7 58. Ra4 Bf5 59. c4 Kd7
60. Kc3 Be6 61. Ra5 Rb7 62. Ra6 Rc7 63. Be3 Rc6 64. Ra4 Bf5 65. Bf4 Ke6 66. Kb4
Ke7 67. Bd6+ Kd8 68. Ra7 Bd7 69. Ka5 g5 70. Kb4 g4 71. Ra1 Bf5 72. Rf1 Be4 73.
Rf8+ Kd7 74. Rf7+ Kd8 75. Kb5 Kc8 76. Bg3 Bg2 77. Rf2 Bh1 78. Bd6 Kd8 79. Rf4
Bf3 80. Rf8+ Kd7 81. Rg8 Rc8 82. Rg7+ Ke6 83. Bg3 Rc6 84. Bh4 Rc8 85. Re7+ Kf5
86. Bg3 Kf6 87. Rc7 Rxc7 88. Bxc7 Ke7 89. c6 g3 90. Kb6 g2 91. Bh2 Kd8 92. Kb7
Be4 93. Bg1 Bf3 94. Bb6+ Ke7 95. Kc7 Be4 96. Bc5+ Ke8 97. Kd6 Kd8 98. c7+
1/2-1/2

[Event "3. Open Stadium Casablanca 2009"]
[Site "Zaragoza ESP"]
[Date "2009.12.28"]
[Round "4.10"]
[White "Villuendas Valero, Adrian"]
[Black "Ramiro Ovejero, Juan Luis"]
[Result "1/2-1/2"]
[WhiteElo "2192"]
[BlackElo "2386"]
[PlyCount "93"]
[EventDate "2009.12.26"]
[EventType "swiss"]
[EventRounds "9"]
[EventCountry "ESP"]
[Source "lmi"]
[SourceDate "2009.12.26"]

1. d4 Nf6 2. Bg5 d5 3. e3 Bf5 4. Bd3 Bg6 5. Nf3 e6 6. O-O Be7 7. Ne5 Nbd7 8. f4
Bxd3 9. Qxd3 Ne4 10. Bxe7 Qxe7 11. Nxd7 Qxd7 12. Nd2 Nxd2 13. Qxd2 Rc8 14. Qd3
O-O 15. f5 exf5 16. Rxf5 Rce8 17. Raf1 Re6 18. Qb3 c6 19. R1f3 Qe7 20. a3 g6
21. R5f4 Kg7 22. h4 f5 23. Kf2 Re8 24. Rg3 Re4 25. Rgf3 Qc7 26. g3 R8e7 27.
Rxe4 fxe4 28. Rf4 h6 29. Kg2 g5 30. hxg5 hxg5 31. Rf1 Rf7 32. Rxf7+ Qxf7 33.
Kg1 Kg6 34. Qb4 Qf3 35. Qe1 Kh5 36. Kh2 Kg4 37. Qg1 Qe2+ 38. Qg2 Qe1 39. a4 a5
40. b3 b5 41. c3 bxa4 42. bxa4 Qd1 43. Qf2 Qxa4 44. Qe2+ Kf5 45. Qh5 Ke6 46.
Qe8+ Kd6 47. Qd8+ 1/2-1/2

[Event "3. Open Stadium Casablanca 2009"]
[Site "Zaragoza ESP"]
[Date "2009.12.29"]
[Round "5.1"]
[White "Cruz, Cristhian"]
[Black "Oms Pallisse, Josep"]
[Result "1-0"]
[WhiteElo "2523"]
[BlackElo "2490"]
[PlyCount "81"]
[EventDate "2009.12.26"]
[EventType "swiss"]
[EventRounds "9"]
[EventCountry "ESP"]
[Source "lmi"]
[SourceDate "2009.12.26"]

1. d4 d5 2. c4 c6 3. Nf3 Nf6 4. Nc3 a6 5. c5 Bf5 6. Qb3 Qc8 7. h3 Nbd7 8. g4
Bg6 9. Bf4 e6 10. e3 Be7 11. Be2 O-O 12. Rg1 Ne4 13. h4 f6 14. g5 Nxc3 15. Qxc3
Bh5 16. gxf6 Bxf6 17. Bd6 Re8 18. Qc2 e5 19. Ng5 Bg6 20. Bd3 Bxd3 21. Qxd3 Bxg5
22. Rxg5 exd4 23. O-O-O Nf8 24. Rdg1 Qd7 25. Rxg7+ Qxg7 26. Rxg7+ Kxg7 27.
Qxd4+ Kg8 28. Qg4+ Kh8 29. h5 Re4 30. Qf5 Kg8 31. Be5 Re8 32. Qg5+ Ng6 33. Bf6
Kf7 34. hxg6+ hxg6 35. Bc3 R8e6 36. Qh6 Ke8 37. Qh8+ Kd7 38. Qb8 g5 39. Qxb7+
Ke8 40. Qxa6 g4 41. Bd4 1-0

[Event "3. Open Stadium Casablanca 2009"]
[Site "Zaragoza ESP"]
[Date "2009.12.29"]
[Round "5.2"]
[White "Leon Hoyos, Manuel"]
[Black "Garza Marco, Sergio"]
[Result "1-0"]
[WhiteElo "2516"]
[BlackElo "2452"]
[PlyCount "107"]
[EventDate "2009.12.26"]
[EventType "swiss"]
[EventRounds "9"]
[EventCountry "ESP"]
[Source "lmi"]
[SourceDate "2009.12.26"]

1. e4 e6 2. d4 d5 3. Nd2 Be7 4. e5 c5 5. Qg4 Kf8 6. Ndf3 Nc6 7. Bd3 cxd4 8. Ne2
Qc7 9. Qf4 Bc5 10. a3 a5 11. h4 h5 12. Kf1 Nh6 13. Qg3 Ng4 14. Bf4 g6 15. Re1
Ke8 16. Bg5 Qb6 17. Bc1 Bf8 18. Nf4 Ne7 19. Nh3 Bg7 20. Qf4 Nc6 21. Nhg5 Qc7
22. Bb5 Kf8 23. Qg3 Bd7 24. Qf4 Bc8 25. Qg3 Kg8 26. Bd3 b6 27. Kg1 Ba6 28. Bf4
a4 29. Rc1 Qd7 30. Ne1 Ngxe5 31. Bxa6 Rxa6 32. Nd3 Nc4 33. Nf3 Ra8 34. Kh2 Rc8
35. Rhe1 Qe8 36. Kg1 f6 37. b3 Nxa3 38. Bd6 Nb5 39. bxa4 Nxd6 40. Qxd6 Kf7 41.
Rb1 Qe7 42. Qg3 e5 43. Nf4 Rh6 44. Nxd5 Qc5 45. Nxb6 Rc7 46. Nd2 Bf8 47. Ne4
Qa5 48. Qf3 Be7 49. Nd5 f5 50. Nxc7 Qxc7 51. Ng5+ Bxg5 52. hxg5 Rh8 53. Rb5 Rd8
54. Qb3+ 1-0

[Event "3. Open Stadium Casablanca 2009"]
[Site "Zaragoza ESP"]
[Date "2009.12.29"]
[Round "5.3"]
[White "Adla, Diego"]
[Black "Matnadze, Ana"]
[Result "1/2-1/2"]
[WhiteElo "2498"]
[BlackElo "2401"]
[PlyCount "95"]
[EventDate "2009.12.26"]
[EventType "swiss"]
[EventRounds "9"]
[EventCountry "ESP"]
[Source "lmi"]
[SourceDate "2009.12.26"]

1. d4 Nf6 2. c4 e6 3. Nc3 Bb4 4. Qc2 d5 5. cxd5 Qxd5 6. e3 c5 7. Bd2 Bxc3 8.
Bxc3 cxd4 9. Bxd4 Nc6 10. Bc3 Qc5 11. Rc1 Bd7 12. Nf3 Rc8 13. a3 Qe7 14. Bd3 e5
15. O-O O-O 16. Qb1 h6 17. b4 a6 18. h3 Rfe8 19. Rfd1 Rcd8 20. Bc2 e4 21. Nd2
Bf5 22. Bxf6 gxf6 23. Nf1 Bg6 24. f4 f5 25. Qb2 h5 26. Qc3 h4 27. Ba4 Rc8 28.
Qc5 Kf8 29. Rd7 Qxc5 30. Rxc5 Re7 31. Bxc6 bxc6 32. Rxe7 Kxe7 33. Ra5 Rd8 34.
Rxa6 Rd3 35. a4 Rb3 36. Rb6 Bh5 37. Rxc6 Rxb4 38. Rc5 Rb1 39. Rc2 Bd1 40. Rd2
Bxa4 41. Kf2 Bb5 42. Nh2 Rh1 43. Rb2 Bd3 44. Rb6 Ra1 45. Rb2 Rh1 46. Rb6 Ra1
47. Rb2 Rh1 48. Rb6 1/2-1/2

[Event "3. Open Stadium Casablanca 2009"]
[Site "Zaragoza ESP"]
[Date "2009.12.29"]
[Round "5.4"]
[White "Estremera Panos, Sergio"]
[Black "Matamoros Franco, Carlos S"]
[Result "0-1"]
[WhiteElo "2380"]
[BlackElo "2541"]
[PlyCount "80"]
[EventDate "2009.12.26"]
[EventType "swiss"]
[EventRounds "9"]
[EventCountry "ESP"]
[Source "lmi"]
[SourceDate "2009.12.26"]

1. d4 Nf6 2. c4 g6 3. Nc3 Bg7 4. e4 d6 5. Nf3 O-O 6. Be2 e5 7. O-O Nc6 8. d5
Ne7 9. b4 Nh5 10. c5 Kh8 11. g3 f5 12. Ng5 Nf6 13. exf5 Nxf5 14. Nge4 Nd4 15.
Bg5 Bh3 16. Re1 Nxe4 17. Nxe4 Qd7 18. cxd6 cxd6 19. Be3 h6 20. Bxd4 exd4 21. f4
d3 22. Bxd3 Bxa1 23. Qxa1+ Qg7 24. Qxg7+ Kxg7 25. Nxd6 Rad8 26. Nxb7 Rxd5 27.
Nc5 Rfd8 28. Re3 a5 29. a3 axb4 30. axb4 Ra8 31. Re7+ Kf6 32. Rc7 Ra2 33. Ne4+
Kf5 34. Nf2+ Rxd3 35. Rc5+ Kf6 36. Nxd3 Rg2+ 37. Kh1 Rd2 38. Ne1 Rf2 39. Nf3
Rxf3 40. Rc1 Rb3 0-1

[Event "3. Open Stadium Casablanca 2009"]
[Site "Zaragoza ESP"]
[Date "2009.12.29"]
[Round "5.5"]
[White "Lana Rodriguez, David"]
[Black "Franco Ocampos, Zenon"]
[Result "1/2-1/2"]
[WhiteElo "2239"]
[BlackElo "2516"]
[PlyCount "76"]
[EventDate "2009.12.26"]
[EventType "swiss"]
[EventRounds "9"]
[EventCountry "ESP"]
[Source "lmi"]
[SourceDate "2009.12.26"]

1. d4 Nf6 2. Nc3 c5 3. e3 g6 4. Nf3 Bg7 5. Be2 O-O 6. O-O d6 7. b3 b6 8. Bb2
Bb7 9. Re1 a6 10. dxc5 bxc5 11. Nd2 d5 12. Na4 Nbd7 13. c4 e6 14. Rc1 Qe7 15.
Bf3 Rab8 16. Qe2 Rfc8 17. Red1 Ne8 18. Nb1 Nef6 19. Nbc3 Ne5 20. cxd5 Nxf3+ 21.
Qxf3 Bxd5 22. Nxd5 exd5 23. Nc3 c4 24. Nxd5 Nxd5 25. Bxg7 Kxg7 26. Qxd5 cxb3
27. Rxc8 Rxc8 28. Qxb3 Qc5 29. g3 Qc2 30. Rd7 Qxb3 31. axb3 Rb8 32. Rd3 h5 33.
Kf1 a5 34. Ke2 Rb4 35. Kd1 a4 36. bxa4 Rxa4 37. h4 Kf6 38. Ke2 Rb4 1/2-1/2

[Event "3. Open Stadium Casablanca 2009"]
[Site "Zaragoza ESP"]
[Date "2009.12.29"]
[Round "5.6"]
[White "Glavina, Pablo"]
[Black "Vega Gutierrez, Belinda"]
[Result "1-0"]
[WhiteElo "2461"]
[BlackElo "2218"]
[PlyCount "53"]
[EventDate "2009.12.26"]
[EventType "swiss"]
[EventRounds "9"]
[EventCountry "ESP"]
[Source "lmi"]
[SourceDate "2009.12.26"]

1. Nf3 Nf6 2. g3 g6 3. b3 Bg7 4. Bb2 O-O 5. Bg2 d6 6. d4 e5 7. dxe5 Ng4 8. Nc3
Nxe5 9. Nxe5 Bxe5 10. Qd2 c6 11. e4 f5 12. f4 Bg7 13. O-O-O Qa5 14. Na4 Qxd2+
15. Rxd2 fxe4 16. Rxd6 Re8 17. Re1 Bf5 18. Bxg7 Kxg7 19. Nc5 b6 20. Nxe4 Na6
21. Rdd1 Bg4 22. Nd6 Rxe1 23. Rxe1 Rd8 24. Nc4 Kf8 25. Ne5 Bf5 26. g4 Bc8 27.
Nxc6 1-0

[Event "3. Open Stadium Casablanca 2009"]
[Site "Zaragoza ESP"]
[Date "2009.12.29"]
[Round "5.7"]
[White "Mogranzini, Roberto"]
[Black "Gomez Anadon, Daniel"]
[Result "1/2-1/2"]
[WhiteElo "2415"]
[BlackElo "2245"]
[PlyCount "122"]
[EventDate "2009.12.26"]
[EventType "swiss"]
[EventRounds "9"]
[EventCountry "ESP"]
[Source "lmi"]
[SourceDate "2009.12.26"]

1. e4 c5 2. Nf3 d6 3. d4 cxd4 4. Nxd4 Nf6 5. Nc3 a6 6. h3 e5 7. Nde2 b5 8. g4
Bb7 9. Bg2 h6 10. O-O Nbd7 11. Ng3 g6 12. a4 b4 13. Nd5 Bxd5 14. exd5 Bg7 15.
Be3 Qc7 16. a5 Rb8 17. Qd2 Nc5 18. f4 exf4 19. Rxf4 O-O 20. Rf2 Rfe8 21. Bxh6
Nfe4 22. Bxe4 Nxe4 23. Nxe4 Rxe4 24. Bxg7 Kxg7 25. Qd3 Re5 26. Qxa6 Rxd5 27.
Raf1 Rf8 28. Ra1 Rb8 29. Qf1 Rbb5 30. a6 Ra5 31. Rxa5 Rxa5 32. Qd3 Ra1+ 33. Kh2
Qa7 34. Qf3 Rxa6 35. Qf6+ Kg8 36. Kg2 Qb7+ 37. Kg3 Qd5 38. Re2 Ra8 39. Qf3
Qxf3+ 40. Kxf3 g5 41. Ke4 Ra5 42. Kd3 Rc5 43. Re4 f5 44. Rxb4 f4 45. c4 Kf7 46.
Kd4 Ke6 47. Rb8 Ra5 48. Rf8 Ra2 49. Kc3 Ra1 50. Rf5 Rh1 51. Rxg5 Rxh3+ 52. Kd4
Rb3 53. Rb5 Rg3 54. g5 Re3 55. b4 Re1 56. g6 Rg1 57. Ke4 Rxg6 58. Kxf4 Rf6+ 59.
Ke4 Rh6 60. Rf5 Rh4+ 61. Rf4 Rh1 1/2-1/2

[Event "3. Open Stadium Casablanca 2009"]
[Site "Zaragoza ESP"]
[Date "2009.12.29"]
[Round "5.8"]
[White "Donoso Sanchez, Alejandro"]
[Black "Cruz, Filemon"]
[Result "0-1"]
[WhiteElo "2137"]
[BlackElo "2412"]
[PlyCount "78"]
[EventDate "2009.12.26"]
[EventType "swiss"]
[EventRounds "9"]
[EventCountry "ESP"]
[Source "lmi"]
[SourceDate "2009.12.26"]

1. e4 c5 2. Nc3 Nc6 3. Nge2 g6 4. g3 Bg7 5. Bg2 d6 6. O-O h5 7. h3 e5 8. d3 f5
9. Nd5 h4 10. Nec3 Be6 11. Nb5 Rc8 12. c3 a6 13. Na3 b5 14. Nc2 a5 15. Na3 hxg3
16. fxg3 Na7 17. Be3 Bh6 18. Bxh6 Rxh6 19. Qb3 Kf8 20. Nxb5 Nxb5 21. Qxb5 Bxd5
22. exd5 Rb8 23. Qa4 Rxb2 24. Rab1 Rxb1 25. Rxb1 Rh7 26. Rb5 Ra7 27. Qb3 Kg7
28. Rb8 Qe7 29. Qb6 Nh6 30. a4 Nf7 31. Kf1 Rd7 32. Qxa5 Qg5 33. Qb5 Re7 34. Kf2
Qd2+ 35. Kg1 Qe3+ 36. Kh2 f4 37. gxf4 exf4 38. Be4 Qg3+ 39. Kh1 f3 0-1

[Event "3. Open Stadium Casablanca 2009"]
[Site "Zaragoza ESP"]
[Date "2009.12.29"]
[Round "5.9"]
[White "Sesma Rubio, Patxi"]
[Black "Antoli Royo, Joaquin Miguel"]
[Result "0-1"]
[WhiteElo "2128"]
[BlackElo "2390"]
[PlyCount "95"]
[EventDate "2009.12.26"]
[EventType "swiss"]
[EventRounds "9"]
[EventCountry "ESP"]
[Source "lmi"]
[SourceDate "2009.12.26"]

1. d4 Nf6 2. c4 c5 3. d5 e5 4. Nc3 d6 5. e4 Be7 6. Nf3 Nbd7 7. Be2 Nf8 8. a3
Ng6 9. O-O O-O 10. b4 b6 11. Rb1 h6 12. bxc5 bxc5 13. Ne1 Nh7 14. Bg4 Bg5 15.
Bxc8 Qxc8 16. Nc2 Bxc1 17. Qxc1 f5 18. exf5 Rxf5 19. Ne4 Rh5 20. Ng3 Rg5 21.
Qb2 Nf4 22. Qb7 Qf8 23. Ne3 Rd8 24. Qxa7 Ra8 25. Qc7 Rc8 26. Qb7 Re8 27. Rb6 h5
28. Ne4 Rg6 29. Rxd6 Rxd6 30. Nxd6 Qxd6 31. Qxg7+ Kxg7 32. Nf5+ Kf8 33. Nxd6
Ra8 34. Ne4 Nd3 35. Rb1 Rxa3 36. Rb8+ Kg7 37. Rb7+ Kg6 38. Rb6+ Kf5 39. Ng3+
Kg5 40. h4+ Kxh4 41. Rh6 Ng5 42. Nxh5 Nf7 43. Rh7 Kg5 44. Rxf7 Kxh5 45. d6 Ra6
46. Rd7 Kg6 47. Kf1 Nf4 48. g3 0-1